000 00917cam a2200277 a 4500
001 15980033
005 20180202050701.0
008 091110s2011 mau 000 0 eng
010 _a 2009941233
020 _a9780495802822 (pbk.)
020 _a0495802824 (pbk.)
040 _aDLC
_cDLC
_dDLC
041 _aeng
042 _apcc
043 _an-us---
080 _a32 JAM
100 1 _a20
101 _aPOL
245 1 0 _aAmerican government :
_cJames Q. Wilson, John J. DiIulio, Jr., with Meena Bose.
246 3 _aEssentials American government : institutions & policies
246 1 _iat head of title:
_aThe essentials
246 1 _iT.p. verso title:
_aAmerican government, the essentials : institutions and policies
906 _a7
_bcbc
_corignew
_d3
_eepcn
_f20
_gy-gencatlg
942 _2ddc
_cBK
999 _c41625
_d41625